Представление документа в формате MARC21

Поле Инд. ПП Название Значение
Тип записи a
Библиографический уровень m
001 Контрольный номер e5a6463720294ff1a6085c6fc5cf920a
005 Дата корректировки 20240906113815.8
020 a ISBN 985-457-057-6
c Цена, тираж 8-00
080 a Индекс УДК 005.4(075.8)
084 a Индекс другой классификации/Индекс ББК 65.291.2я73
090 a Полочн. индекс 65
c Каталожный индекс 65.291я73
x Авторский знак Т33
097 b Оператор 02
245 10 a Заглавие Теория системного менеджмента
b Продолж. заглавия учебник
c Ответственность [под общ. ред. В. Г. Янчевского, Р. С. Седегова, В. Н. Кривцова]
260 a Место издания Минск
b Издательство Академия управления при Президенте Республики Беларусь
c Дата издания 2001
300 a Объем 391 с.
510 0_ a Примечание о ссылках Книги и методические пособия
650 04 a Основная рубрика 06.39 Наука управления экономикой
x Основная подрубрика 06.39.41 Теории менеджмента
650 04 a Основная рубрика 06.01 Общие вопросы экономических наук
x Основная подрубрика 06.01.33 Терминология экономических наук. Справочная литература. Учебная литература
653 0_ a Ключевые слова менеджмент; управление персоналом; системы управления
700 12 a Другие авторы Янчевский В. Г.
e Роль лиц Автор
700 12 a Другие авторы Седегов Р. С.
e Роль лиц Автор
700 12 a Другие авторы Кривцов В. Н.
e Роль лиц Автор
700 12 a Другие авторы Гринберг А. Г.
e Роль лиц Автор
700 12 a Другие авторы Балдин И. В.
e Роль лиц Автор
700 12 a Другие авторы Брасс А. А.
e Роль лиц Автор
700 12 a Другие авторы Малиновская О. М.
e Роль лиц Автор
700 12 a Другие авторы Петрович М. В.
e Роль лиц Автор
700 12 a Другие авторы Сорокин А. П.
e Роль лиц Автор
700 12 a Другие авторы Глушаков В. Е.
e Роль лиц Автор
700 12 a Другие авторы Ясников Г. Е.
e Роль лиц Автор
700 12 a Другие авторы Карякина О. А.
e Роль лиц Автор
700 12 a Другие авторы Кабушко А. М.
e Роль лиц Автор
700 12 a Другие авторы Зезелюк Е. Н.
e Роль лиц Автор
700 12 a Другие авторы Буцель К. О.
e Роль лиц Автор
990 j Количество экземпляров (DOS) 1
991 a Признак экспресс-каталогизации ReplaceBook
b Эконом